000
00205 a2200097 4500
020
_a
9781892005281
041
_a
eng
100
_a
Marshall B.Rosenberg PHd
245
_a
Nonviolent Comunication
942
_c
BK
999
_c
30960
_d
30958